| 000 | nam a22 4500 | ||
|---|---|---|---|
| 999 |
_c8924 _d8924 |
||
| 008 | 180320b ||||| |||| 00| 0 eng d | ||
| 100 |
_926934 _aYap, Tara |
||
| 245 |
_aCimatu vows tough stance vs environmental abuse in Boracay/ _cTara Yap |
||
| 260 |
_aPhilippines _bManila Bulletin _cc2017 |
||
| 300 | _apage 8. | ||
| 650 | 0 |
_926935 _aEnvironmental movement. |
|
| 942 |
_2ddc _cPER |
||